Linear operators /
Guardado en:
| Autor Principal: | |
|---|---|
| Otros Autores: | , , |
| Formato: | Libro |
| Idioma: | English |
| Publicado: |
New York :
Interscience,
1958.
|
| Series: | Pure and applied mathematics (Interscience Publishers) ;
v. 7 |
| Materias: | |
| Etiquetas: |
Agregar Etiqueta
Sin Etiquetas, Sea el primero en etiquetar este registro!
|
| LEADER | 01252nam a22003135a 4500 | ||
|---|---|---|---|
| 001 | MAT.inmabb000508 | ||
| 008 | 031117s1958####nyu###########001#0#eng#d | ||
| 005 | 20130306162207.0 | ||
| 245 | 1 | 0 | |a Linear operators / |c Nelson Dunford and Jacob T. Schwartz ; with the assistance of William G. Bade and Robert G. Bartle. |
| 260 | |a New York : |b Interscience, |c 1958. | ||
| 300 | |a 3 v. (2592 p.) ; |c 24 cm. | ||
| 490 | 0 | |a Pure and applied mathematics ; |v v. 7 | |
| 505 | 0 | |a pt. 1. General theory -- pt. 2. Spectral theory -- pt. 3. Spectral operators. | |
| 510 | 4 | |a MR, |c 22 #8302 |3 (pt. 1) | |
| 510 | 4 | |a MR, |c 32 #6181 |3 (pt. 2) | |
| 510 | 4 | |a MR, |c 54 #1009 |3 (pt. 3) | |
| 020 | |a 0470226056 | ||
| 100 | 1 | |a Dunford, Nelson. | |
| 700 | 1 | |a Schwartz, Jacob T. | |
| 700 | 1 | |a Bade, William G. |4 clb | |
| 700 | 1 | |a Bartle, Robert Gardner, |d 1927- |4 clb | |
| 830 | 0 | |a Pure and applied mathematics (Interscience Publishers) ; |v v. 7 | |
| 084 | |a 47-01 (46-01 47B40) |2 msc2000 | ||
| 650 | 0 | |a Linear operators. | |
| 010 | |a 57010545 | ||
| 859 | |h 47 |i D915 |p A-288 |v 1 |3 Part I |b BIB. MATEMATICA | ||
| 859 | |h 47 |i D915 |p A-4696 |t Ej. 2 |v 1 |3 Part I |b BIB. MATEMATICA | ||
| 859 | |h 47 |i D915 |p A-4697 |v 2 |3 Part II |b BIB. MATEMATICA | ||
| 859 | |h 47 |i D915 |p A-4698 |v 3 |3 Part III |b BIB. MATEMATICA | ||
